| 000 | 00507nam a2200193Ia 4500 | ||
|---|---|---|---|
| 005 | 20240607113530.0 | ||
| 008 | 131103s9999 xx 000 0 und d | ||
| 040 | _aLoreto College | ||
| 041 | _aEnglish | ||
| 082 |
_a570 _bWAT |
||
| 100 | _aWatts, N.A. | ||
| 245 |
_aHelp yourself to science _b book 3 _cN.A.Watts |
||
| 260 |
_aBombey _bOrient longman _c1962 |
||
| 300 |
_a48p. _b ill.picture |
||
| 504 | _aAdventures in tropical science | ||
| 650 | _aGeneral sceince | ||
| 850 | _aLCBED | ||
| 942 | _cBK | ||
| 999 |
_c28324 _d78803 |
||